Umenie robí život krajším rozhovor s Mgr. Jarmilou Balážovou, výtvarníčkou a riaditeľkou Základnej umeleckej školy v Gelnici

Bibliographic Details
Main Author: Papiežová, Anna, 1941- (irv)
Format: Article
Language:Slovak
ISSN:1335-4515
Subjects:

MARC

LEADER 00000nab a2200000 ar4500
001 vtls008408854
003 SK-MaSNL
005 20260303070112.0
008 051110c2005 xo mr|p|||||||000 b|slo
015 |a SNBRB2005/11  |2 snkbucl 
038 |a SNKBUCL 
040 |a SNKBUCL  |b slo  |c SNKBUCL  |e AACR2 
041 0 |a slo 
044 |a xo  |c SK 
080 |a 374.3(437.6)  |2 UDC-MRF-SK2 
100 1 |a Papiežová, Anna,  |d 1941-  |4 irv  |9 115315 
245 1 0 |a Umenie robí život krajším  |b rozhovor s Mgr. Jarmilou Balážovou, výtvarníčkou a riaditeľkou Základnej umeleckej školy v Gelnici  |c Anna Papiežová 
610 2 7 |a Základná umelecká škola (Gelnica, Slovensko)  |2 snkbucl  |9 1067078 
700 1 |a Balážová, Jarmila  |4 ive  |9 744224 
773 0 |t Národná osveta  |g Roč. XV, č. 10 (2005), s. 3  |x 1335-4515 
852 |a SNK  |b KIS3GCP 
958 |a SK 
999 |c 1753968  |d 1755898